000 00739nam a2200217 a 4500
001 13669
003 BD-JhCC
005 20240313194905.0
008 240313b2000 nyu |||| ||a| 001 0 eng d
020 _a 9780691005430
035 _a(BD-JhCC)13669
040 _aBD-JhCC
_dBD-JhCC
041 _aenglish
082 _a330.951
_bPOM 2000
100 _a Pomeranz,Kenneth
245 _a The great divergence :
_b China, Europe, and the making of the modern world economy /
_cKenneth Pomeranz
260 _aPrinceton, N.J.
_b Princeton University Press,
_c2000.
300 _a382 p, :
_bill;
_c22 cm
650 _aChina
_xChina Economic conditions 1644-1912
_z Comparative economics
_yChine Conditions économiques 1644-1912
942 _2ddc
_cBK
999 _c13669
_d13669